000 00717nam a22002537a 4500
001 BR2012005145
003 BR-BrBNA
005 20230928104025.0
007 ta
008 230509b bl.||||| |||| 00| 0 por d
040 _aBR-BrBNA
_bpor
_cBiblioteca Nacional de Agricultura
041 _a(Por)
072 _aE14
090 _ E14 BR2012005145
110 1 _aComissão Executiva do Plano da Lavoura Cacaueira, Brasília, DF (Brasil)
245 1 _aCEPLAC: plano de gestão estratégica
260 3 _aBrasília, DF (Brasil):
_c2012.
300 _a42 p.
500 _a11 illus.; 5 tables
650 _aGESTÃO
650 _aPLANEJAMENTO ESTRATÉGICO
909 _a202309
_bLucia
_c55
_dLucia Elande
942 _cBK
999 _c77742
_d77742